000
00313nam a22001337a 4500
003
SGT
020
_a
0-86577-576-1
082
_a
617.89
_b
H96V
100
_a
VALENTE, MICHAEL
245
_a
HEARING AIDS: STANDARDS, OPTIONS & LIMITATIONS
260
_a
NEW YORK
_b
THIEME
_c
1996
300
_a
448
942
_2
ddc
_c
BK
999
_c
15437
_d
15437